Books and Characters, French and English (Record no. 241733)
[ view plain ]
| 000 -LEADER | |
|---|---|
| fixed length control field | 01223cam a22002893a 4500 |
| 001 - CONTROL NUMBER | |
| control field | 12478 |
| 003 - CONTROL NUMBER IDENTIFIER | |
| control field | PGUSA |
| 005 - DATE AND TIME OF LATEST TRANSACTION | |
| control field | 20140828083252.0 |
| 008 - FIXED-LENGTH DATA ELEMENTS--GENERAL INFORMATION | |
| fixed length control field | 040501s2004||||xxu|||||s|||||000 p eng d |
| 040 ## - CATALOGING SOURCE | |
| Original cataloging agency | PGUSA |
| Language of cataloging | eng |
| 042 ## - AUTHENTICATION CODE | |
| Authentication code | dc |
| 050 #4 - LIBRARY OF CONGRESS CALL NUMBER | |
| Classification number | PN |
| 100 1# - MAIN ENTRY--PERSONAL NAME | |
| Personal name | Strachey, Lytton, |
| Dates associated with a name | 1880-1932 |
| 245 10 - TITLE STATEMENT | |
| Title | Books and Characters, French and English |
| Medium | [electronic resource] / |
| Statement of responsibility, etc | Lytton Strachey |
| 260 ## - PUBLICATION, DISTRIBUTION, ETC. (IMPRINT) | |
| Name of publisher, distributor, etc | Project Gutenberg, |
| Date of publication, distribution, etc | 2004 |
| 505 0# - FORMATTED CONTENTS NOTE | |
| Formatted contents note | Racine -- Sir Thomas Browne -- Shakespeare's final period -- The lives of the poets -- Madame du Deffand -- Voltaire and England -- A dialogue -- Voltaire's tragedies -- Voltaire and Frederick the Great -- The Rousseau affair -- The poetry of Blake -- The last Elizabethan -- Henri Beyle -- Lady Hester Stanhope -- Mr. Creevey. |
| 506 ## - RESTRICTIONS ON ACCESS NOTE | |
| Terms governing access | Public domain in the USA. |
| 516 ## - TYPE OF COMPUTER FILE OR DATA NOTE | |
| Type of computer file or data note | Electronic text |
| 653 ## - INDEX TERM--UNCONTROLLED | |
| Uncontrolled term | Authors, English -- Biography |
| 653 ## - INDEX TERM--UNCONTROLLED | |
| Uncontrolled term | French literature -- History and criticism |
| 653 ## - INDEX TERM--UNCONTROLLED | |
| Uncontrolled term | Authors, French -- Biography |
| 653 ## - INDEX TERM--UNCONTROLLED | |
| Uncontrolled term | English literature -- History and criticism |
| 740 0# - ADDED ENTRY--UNCONTROLLED RELATED/ANALYTICAL TITLE | |
| Uncontrolled related/analytical title | Books and Characters French and English |
| 830 #0 - SERIES ADDED ENTRY--UNIFORM TITLE | |
| Uniform title | Project Gutenberg |
| Volume number/sequential designation | 12478 |
| 856 40 - ELECTRONIC LOCATION AND ACCESS | |
| Uniform Resource Identifier | <a href="http://www.gutenberg.org/ebooks/12478">http://www.gutenberg.org/ebooks/12478</a> |
| 942 ## - ADDED ENTRY ELEMENTS (KOHA) | |
| Koha item type | eBooks |
| Withdrawn status | Lost status | Damaged status | Home library | Current library | Date acquired | Total Checkouts | Date last seen | Price effective from | Koha item type |
|---|---|---|---|---|---|---|---|---|---|
| Project Gutenberg | Project Gutenberg | 08/28/2014 | 08/28/2014 | 08/28/2014 | eBooks |